Statistics for Countries Apart From Monaco That.....

Click here to take the quiz!

General Stats

  • This quiz has been taken 48 times
  • The average score is 18 of 21

Answer Stats

SerbiaAnswer% Correct
Border FranceGermany
100%
Border FranceItaly
98%
Border FranceLuxembourg
98%
Border FranceSpain
98%
Border FranceSwitzerland
98%
Are six letters long(Europe)Sweden
96%
Border FranceBelgium
96%
Are six letters long(Europe)Greece
93%
Border FranceAndorra
93%
Are six letters long(Europe)Norway
91%
Are six letters long(Europe)Poland
87%
Are six letters long(Europe)Russia
87%
Are six letters long(Europe)Serbia
85%
Begin with MOMozambique
83%
Begin with MOMoldova
83%
Begin with MOMorocco
83%
Are six letters long(Europe)Latvia
78%
Begin with MOMontenegro
76%
Are six letters long(Europe)France
76%
Are six letters long(Europe)Kosovo
76%
Begin with MOMongolia
65%

Score Distribution

Percentile by Number Answered

Percent of People with Each Score

Your Score History

You have not taken this quiz